| 000 | 00842cam a2200253 i 4500 | ||
|---|---|---|---|
| 001 | 789181 | ||
| 008 | 750218s1975 nyuaf b 001 0 eng | ||
| 010 | _a 74018785 | ||
| 020 | _a0385053169 | ||
| 040 |
_aDLC _cCUZ _dDLC _dCUZ _beng _erda |
||
| 050 | 0 | 0 |
_aBS192.2. _bCAM |
| 245 | 1 | 0 |
_aRuth : _ba new translation with introduction, notes, and commentary / _cby Edward F. Campbell, Jr. |
| 250 | _a1st edition. | ||
| 264 |
_aGarden City, N.Y. : _bDoubleday, _c1975. |
||
| 300 |
_axx, 188 pages., [4] leaves of plates : _billustrations. ; _c24 cm. |
||
| 336 |
_atext _btxt |
||
| 337 |
_aunmediated _bn |
||
| 338 | _2rdacarrier | ||
| 490 | 1 |
_aThe Anchor Bible ; _v7 |
|
| 500 | _aIncludes index. | ||
| 942 | _cOS | ||
| 999 |
_c44908 _d44908 |
||